Actors frequently working with Martin Scorsese - Statistics

General Stats
  • This quiz has been taken 365 times
  • The average score is 5 of 20
Answer Stats
Number of collaborations Hint Answer % Correct
8 The Old big one Robert De Niro
96%
5 The New big one Leonardo DiCaprio
94%
3 King of ultraviolent mobsters Joe Pesci
81%
5 Main actor in Mean Streets Harvey Keitel
56%
2 Triple Oscar winner Daniel Day-Lewis
50%
2 Georges Méliès Ben Kingsley
37%
2 Frequent SNL host Alec Baldwin
18%
2 Aviator, Gangs of New York. Mostly known for his comedic roles John C. Reilly
18%
2 Father of Hugo Jude Law
13%
2 Plays with the one above in Sexy Beast Ray Winstone
13%
3 Mafia guy in Casino, Goodfellas, Grand Theft Auto and The Sopranos Frank Vincent
12%
7 Mother of the director Catherine Scorsese
11%
7 Father of the director Charles Scorsese
6%
3 Assaulted by "Old big One" in Cape Fear Illeana Douglas
4%
2 Shares a role with Susan Sarandon in Shutter Island Emily Mortimer
2%
5 Character actor who often plays tough guys Victor Argo
2%
3 Mafia guy in both Godfather II and Goodfellas Frank Sivero
1%
6 Rapist in Who's that Knocking At My Door Harry Northup
1%
3 Examines mammaries in Aviator J.C. MacKenzie
0%
5 Has worked a lot with the guy just above Murray Moston
0%
No matching quizzes found
Score Distribution
Percent of People with Each Score
Percentile by Number Answered
Your Score History
You have not taken this quiz